000 00571nam a2200181Ia 4500
008 151202s9999||||xx |||||||||||||| ||und||
082 _bPNVM-43297
100 _aपंडित बाळ.
245 _aसचिन तेंडुलकर.
260 _b"उत्कर्ष प्रकाशन,पुणे."
260 _c1999
300 _a256
600 _aपंडित बाळ.
630 _aसचिन तेंडुलकर.
700 _aपंडित बाळ.
730 _aसचिन तेंडुलकर.
942 _cBOOK
999 _c1309249
_d1309246